| 000 | 00631nam a2200205Ia 4500 | ||
|---|---|---|---|
| 003 | OSt | ||
| 005 | 20251205125138.0 | ||
| 008 | 220923b |||||||| |||| 00| 0 pan d | ||
| 037 | _cTB | ||
| 040 |
_aARTS _cARTS _bpan |
||
| 041 |
_2pan _apan |
||
| 084 |
_aQ8441xI69 Q9 _qAL |
||
| 100 |
_aSingh, Dharam _9172730 |
||
| 245 | 0 | _aGuru Nanak Contemporary concerns and Response | |
| 260 |
_aAmritsar, India: _bSingh Brothers India; _c2019. |
||
| 300 |
_a256p. _ccm. |
||
| 650 |
_aSIKHISM _925885 |
||
| 942 |
_hQ8441xI69 153Q9 _cTB _2CC _n0 |
||
| 999 |
_c392789 _d392789 |
||